000
00181 a2200097 4500
020
_a
013429903913
041
_a
spa
100
_a
Dreams art
245
_a
Hansel y Gretel
942
_c
K
999
_c
27316
_d
27316